[Event "Wch Juvenil 2013 sub-16 femenino"]
[Site "Al-Ain UAE"]
[Date "2013.12.20"]
[Round "3.23"]
[White "Paredes Bustamante, Paula"]
[Black "Hiebler, Laura"]
[Result "1-0"]
[WhiteElo "1994"]
[BlackElo "1840"]
[PlyCount "93"]
[EventDate "2013.12.19"]
[EventType "swiss"]
[EventRounds "11"]
[EventCountry "UAE"]
[Source "lmi"]
[SourceDate "2013.12.19"]

1. e4 e6 2. d4 d5 3. exd5 exd5 4. Nf3 Bd6 5. Bd3 Nf6 6. O-O O-O 7. h3 h6 8. Re1
Nc6 9. c3 Re8 10. Nbd2 Ne7 11. Qc2 c6 12. Ne5 Qc7 13. Ndf3 b6 14. g4 c5 15. Bb5
Bd7 16. Nxd7 Nxd7 17. Bd2 a6 18. Bf1 Nf6 19. dxc5 bxc5 20. Rad1 Ng6 21. Rxe8+
Rxe8 22. g5 hxg5 23. Bxg5 Ne5 24. Nxe5 Rxe5 25. Bxf6 gxf6 26. Bg2 Qd7 27. Qd3
Rg5 28. Qf3 Qe6 29. Kf1 d4 30. cxd4 cxd4 31. Rxd4 Bc5 32. Rd8+ Kg7 33. h4 Rg4
34. b3 Bb4 35. Re8 Qd7 36. Bh3 Qb5+ 37. Re2 Rxh4 38. Bf5 Bd6 39. a4 Qc5 40.
Qg2+ Kh6 41. Qf3 Qc1+ 42. Re1 Qg5 43. Rd1 Bb4 44. Bc2 a5 45. Qa8 Qh5 46. Qh8+
Kg5 47. Rd5+ 1-0

[Event "Wch Juvenil 2013 sub-16 femenino"]
[Site "Al-Ain UAE"]
[Date "2013.12.20"]
[Round "3.24"]
[White "Shakhmurzova, Fatima"]
[Black "Baghirova, Khatin"]
[Result "1-0"]
[WhiteElo "1983"]
[BlackElo "1838"]
[PlyCount "75"]
[EventDate "2013.12.19"]
[EventType "swiss"]
[EventRounds "11"]
[EventCountry "UAE"]
[Source "lmi"]
[SourceDate "2013.12.19"]

1. c4 Nf6 2. Nc3 g6 3. e4 d6 4. g3 Bg7 5. Bg2 O-O 6. Nge2 e5 7. O-O Nc6 8. d3
h6 9. h3 Nh7 10. f4 f5 11. Be3 Nf6 12. Qd2 Kh7 13. Rac1 Be6 14. Nd5 Qd7 15. Kh2
Bxd5 16. cxd5 Ne7 17. fxe5 dxe5 18. Bc5 fxe4 19. dxe4 Rfe8 20. Rfd1 Nc8 21. Qc2
Nd6 22. Nc3 a6 23. Bg1 b5 24. Nb1 Rec8 25. Nd2 Qe7 26. Nb3 Nd7 27. Na5 h5 28.
Nc6 Qf8 29. Rf1 Bf6 30. h4 Ne8 31. Bh3 Qg7 32. Qe2 Kh8 33. Be3 Bd8 34. Bxd7
Qxd7 35. Nxe5 Qg7 36. Nf7+ Kh7 37. e5 Be7 38. Bg5 1-0

[Event "Wch Juvenil 2013 sub-16 femenino"]
[Site "Al-Ain UAE"]
[Date "2013.12.20"]
[Round "3.26"]
[White "Assaubayeva, Diana"]
[Black "Suchomelova, Simona"]
[Result "1-0"]
[WhiteElo "1974"]
[BlackElo "1827"]
[PlyCount "75"]
[EventDate "2013.12.19"]
[EventType "swiss"]
[EventRounds "11"]
[EventCountry "UAE"]
[Source "lmi"]
[SourceDate "2013.12.19"]

1. c4 e5 2. g3 Nf6 3. Bg2 d5 4. cxd5 Nxd5 5. Nf3 Nc6 6. O-O Be7 7. Nc3 Nb6 8.
a3 O-O 9. b4 Be6 10. d3 a5 11. b5 Nd4 12. Rb1 Nxf3+ 13. Bxf3 Nd5 14. Qc2 Rc8
15. Bb2 c6 16. Qd2 f6 17. Rfd1 Nxc3 18. Bxc3 Bxa3 19. bxc6 bxc6 20. Bxa5 Qe7
21. Bb4 Bxb4 22. Qxb4 Qxb4 23. Rxb4 Bd5 24. Kg2 Ra8 25. Rc1 Ra6 26. Bxd5+ cxd5
27. Rb7 Rfa8 28. Rcc7 g5 29. Rg7+ Kh8 30. Rxh7+ Kg8 31. Rbd7 Ra2 32. e3 R2a5
33. Kf3 Rc5 34. Kg4 e4 35. Kf5 exd3 36. Kg6 d2 37. Rdg7+ Kf8 38. Rh8# 1-0

[Event "Wch Juvenil 2013 sub-16 femenino"]
[Site "Al-Ain UAE"]
[Date "2013.12.20"]
[Round "3.31"]
[White "Xiang, Ellen"]
[Black "Rodsmoen, Maud"]
[Result "1-0"]
[WhiteElo "1954"]
[BlackElo "1772"]
[PlyCount "109"]
[EventDate "2013.12.19"]
[EventType "swiss"]
[EventRounds "11"]
[EventCountry "UAE"]
[Source "lmi"]
[SourceDate "2013.12.19"]

1. d4 d5 2. c4 c6 3. cxd5 cxd5 4. Nc3 Nf6 5. Bf4 Nc6 6. e3 a6 7. Bd3 g6 8. Nf3
Bg7 9. O-O Bg4 10. h3 Bxf3 11. Qxf3 e6 12. Rac1 O-O 13. a3 Rc8 14. Na4 Nd7 15.
Nc5 Nxc5 16. Rxc5 Qd7 17. Rfc1 Rfd8 18. b4 Bf8 19. R5c3 Bd6 20. b5 axb5 21.
Bxd6 Qxd6 22. Bxb5 Na7 23. Qe2 Rxc3 24. Rxc3 Rc8 25. Rxc8+ Nxc8 26. Qc2 Na7 27.
a4 Kf8 28. Qc5 Qxc5 29. dxc5 e5 30. Kf1 Ke7 31. Ke2 Kd8 32. Kd3 Kc7 33. Be8 f6
34. Kc3 Nc6 35. g4 Ne7 36. Bb5 b6 37. Kb4 Nc6+ 38. Bxc6 Kxc6 39. cxb6 Kxb6 40.
a5+ Kc6 41. a6 Kb6 42. a7 Kxa7 43. Kc5 d4 44. exd4 exd4 45. Kxd4 Kb7 46. Kd5 f5
47. gxf5 gxf5 48. Ke5 Kc7 49. Kxf5 Kd7 50. Kf6 h5 51. f4 Ke8 52. Kg7 Ke7 53. f5
Ke8 54. f6 Kd7 55. f7 1-0

[Event "Wch Juvenil 2013 sub-16 femenino"]
[Site "Al-Ain UAE"]
[Date "2013.12.20"]
[Round "3.32"]
[White "Saikhanzaya, Ganbaatar"]
[Black "Giblon, Rebecca"]
[Result "0-1"]
[WhiteElo "1939"]
[BlackElo "1715"]
[PlyCount "63"]
[EventDate "2013.12.19"]
[EventType "swiss"]
[EventRounds "11"]
[EventCountry "UAE"]
[Source "lmi"]
[SourceDate "2013.12.19"]

1. d4 d5 2. c4 c6 3. Nf3 e6 4. Nc3 dxc4 5. a4 Bb4 6. Bd2 b5 7. Ne4 Bxd2+ 8.
Qxd2 Nf6 9. Nc3 b4 10. Na2 a5 11. e3 Qd5 12. Qc1 Ba6 13. Nd2 Nbd7 14. Be2 c3
15. bxc3 Bxe2 16. Kxe2 b3 17. c4 Qh5+ 18. f3 bxa2 19. g4 Qh3 20. Qa3 h5 21.
gxh5 Qg2+ 22. Kd3 Ne5+ 23. dxe5 O-O-O+ 24. Qd6 Rxd6+ 25. exd6 Rd8 26. c5 Qg5
27. Rhc1 Nd5 28. Nc4 Nb4+ 29. Kc3 Qxc5 30. Kb3 Qxh5 31. Nb6+ Kb7 32. Nc4 0-1

[Event "Wch Juvenil 2013 sub-16 femenino"]
[Site "Al-Ain UAE"]
[Date "2013.12.20"]
[Round "3.33"]
[White "Machlik, Monika"]
[Black "Ilhom, Mootribai"]
[Result "1-0"]
[WhiteElo "1936"]
[BlackElo "1702"]
[PlyCount "87"]
[EventDate "2013.12.19"]
[EventType "swiss"]
[EventRounds "11"]
[EventCountry "UAE"]
[Source "lmi"]
[SourceDate "2013.12.19"]

1. d4 Nf6 2. c4 g6 3. Nc3 Bg7 4. e4 d6 5. f4 c5 6. d5 O-O 7. Nf3 e5 8. fxe5
dxe5 9. Bd3 Nbd7 10. Bg5 a6 11. O-O h6 12. Bh4 Qc7 13. a4 Kh7 14. Qd2 Qd6 15.
a5 Nh5 16. Ne1 Ndf6 17. Na4 Bd7 18. Nb6 Rad8 19. Nc2 Nf4 20. Ne3 Rde8 21. Rae1
Ng4 22. b4 f5 23. Nxd7 Qxd7 24. Nxg4 fxe4 25. Be2 cxb4 26. Bg3 Nd3 27. Bxd3
Qxg4 28. Be2 Qg5 29. Qxg5 hxg5 30. Rb1 Rxf1+ 31. Bxf1 Bf8 32. Bf2 Rc8 33. Be3
Be7 34. Kf2 Kg7 35. Ke1 Kf6 36. Bd2 Kf5 37. Bxb4 Bf6 38. g3 e3 39. d6 e4 40.
Rb3 Bd4 41. Bc3 Bc5 42. d7 Rd8 43. Rxb7 g4 44. Be2 1-0

[Event "Wch Juvenil 2013 sub-16 femenino"]
[Site "Al-Ain UAE"]
[Date "2013.12.20"]
[Round "3.34"]
[White "Shao, Stephanie"]
[Black "Menzi, Nezihe Ezgi"]
[Result "1-0"]
[WhiteElo "1673"]
[BlackElo "1925"]
[PlyCount "81"]
[EventDate "2013.12.19"]
[EventType "swiss"]
[EventRounds "11"]
[EventCountry "UAE"]
[Source "lmi"]
[SourceDate "2013.12.19"]

1. e4 c5 2. Nf3 d6 3. d4 cxd4 4. Nxd4 Nf6 5. f3 e5 6. Nb3 Be6 7. c4 Nc6 8. Be3
Be7 9. Nc3 O-O 10. Be2 Rc8 11. O-O Nh5 12. g3 Nf6 13. Rc1 h5 14. Kg2 Qd7 15.
Kf2 Bh3 16. Rh1 Nh7 17. Bf1 Be6 18. c5 f5 19. cxd6 Bxd6 20. Nc5 Bxc5 21. Bxc5
Rfd8 22. Qxd7 Rxd7 23. exf5 Bxf5 24. Be3 Nd4 25. Bg2 Rcd8 26. Rhd1 Nf6 27. Rd2
b5 28. Ne2 Nxe2 29. Kxe2 Bd3+ 30. Ke1 Bc4 31. Rxd7 Rxd7 32. Rd1 Nd5 33. b3 Nxe3
34. Rxd7 Nxg2+ 35. Kf2 Be6 36. Re7 Bh3 37. Rxe5 h4 38. Rxb5 Kh7 39. Ra5 Kh6 40.
Rxa7 g5 41. Ra4 1-0

[Event "Wch Juvenil 2013 sub-16 femenino"]
[Site "Al-Ain UAE"]
[Date "2013.12.20"]
[Round "3.35"]
[White "Mithran, Mirakla"]
[Black "Chetina, Elizaveta"]
[Result "0-1"]
[WhiteElo "1655"]
[BlackElo "1904"]
[PlyCount "92"]
[EventDate "2013.12.19"]
[EventType "swiss"]
[EventRounds "11"]
[EventCountry "UAE"]
[Source "lmi"]
[SourceDate "2013.12.19"]

1. f4 d5 2. Nf3 Nf6 3. e3 c5 4. Bb5+ Bd7 5. Bxd7+ Nbxd7 6. O-O e6 7. b3 Be7 8.
Bb2 O-O 9. Nc3 Qb8 10. Ne2 b5 11. Ng3 a5 12. Ne5 Nxe5 13. Bxe5 Qd8 14. f5 Bd6
15. d4 Bxe5 16. dxe5 Nd7 17. f6 Nxe5 18. fxg7 Kxg7 19. Nh5+ Kh8 20. Nf6 Nd7 21.
Nxh7 Kxh7 22. Qh5+ Kg7 23. Qg4+ Kh6 24. Rf3 Qg5 25. Qh3+ Qh5 26. Qg3 Rg8 27.
Qf4+ Kg7 28. Raf1 f6 29. Qd6 Qe8 30. Qc7 Qd8 31. Qg3+ Kf7 32. Qd6 Qe7 33. Qc7
Rg6 34. Qf4 Rag8 35. g3 Kg7 36. Qc7 Qd8 37. Qb7 b4 38. Rf4 f5 39. Kh1 Kf6 40.
Qc6 Ke7 41. Qb7 Qb8 42. Qa6 e5 43. Qxg6 Rxg6 44. Rxf5 Rf6 45. Kg2 Qb5 46. Rxf6
Nxf6 0-1

[Event "Wch Juvenil 2013 sub-16 femenino"]
[Site "Al-Ain UAE"]
[Date "2013.12.20"]
[Round "3.36"]
[White "Kahanda, I D S."]
[Black "Dong, Alice"]
[Result "0-1"]
[WhiteElo "1647"]
[BlackElo "1903"]
[PlyCount "106"]
[EventDate "2013.12.19"]
[EventType "swiss"]
[EventRounds "11"]
[EventCountry "UAE"]
[Source "lmi"]
[SourceDate "2013.12.19"]

1. e4 c5 2. Nc3 Nc6 3. f4 e6 4. Bb5 g6 5. Nf3 Bg7 6. O-O Nge7 7. Qe1 a6 8. Be2
b5 9. e5 d6 10. exd6 Qxd6 11. d3 Bb7 12. Ne4 Qc7 13. Qf2 Nd4 14. Bd1 Rd8 15. c3
Nxf3+ 16. Bxf3 c4 17. d4 O-O 18. Qh4 Bxe4 19. Bxe4 Nf5 20. Bxf5 exf5 21. Re1
Qc6 22. Bd2 Bf6 23. Qf2 Kg7 24. a3 Rb8 25. Rad1 Rfd8 26. Re2 a5 27. Ra1 Qb6 28.
Rd1 Rd5 29. Qf3 Rbd8 30. Be1 b4 31. axb4 axb4 32. h3 bxc3 33. bxc3 Rb5 34. Rdd2
Rb3 35. Bf2 Qa5 36. Rc2 Bxd4 37. Bxd4+ Rxd4 38. cxd4 Rxf3 39. gxf3 Qa1+ 40. Kg2
Qxd4 41. Kg3 Qg1+ 42. Rg2 Qe1+ 43. Rgf2 c3 44. Kg2 Qe3 45. Kg3 g5 46. fxg5
Qxg5+ 47. Kh2 Qf4+ 48. Kg2 Qe3 49. Rf1 h5 50. Rfc1 Qg5+ 51. Kh1 Qh4 52. Rg2+
Kf6 53. Rxc3 Qe1+ 0-1

[Event "Wch Juvenil 2013 sub-16 femenino"]
[Site "Al-Ain UAE"]
[Date "2013.12.20"]
[Round "3.37"]
[White "Aay, Aisyah Anisa"]
[Black "Liscinska, Jana"]
[Result "1-0"]
[WhiteElo "1900"]
[BlackElo "1643"]
[PlyCount "51"]
[EventDate "2013.12.19"]
[EventType "swiss"]
[EventRounds "11"]
[EventCountry "UAE"]
[Source "lmi"]
[SourceDate "2013.12.19"]

1. e4 e5 2. Nf3 Nc6 3. d4 exd4 4. Nxd4 Bc5 5. Nb3 Bb6 6. Qe2 Qf6 7. Nc3 Nge7 8.
Be3 Bxe3 9. Qxe3 d6 10. O-O-O Bd7 11. Bb5 a6 12. Bxc6 Bxc6 13. Nd4 O-O-O 14.
Nxc6 Nxc6 15. Nd5 Qg6 16. f3 Rde8 17. g4 h5 18. g5 f5 19. gxf6 gxf6 20. Rhg1
Qf7 21. Qf4 Ne5 22. Qf5+ Kb8 23. f4 Nc4 24. Nxf6 Ne3 25. Nd7+ Qxd7 26. Qxd7 1-0

[Event "Wch Juvenil 2013 sub-16 femenino"]
[Site "Al-Ain UAE"]
[Date "2013.12.20"]
[Round "3.38"]
[White "Drogovoz, Maria"]
[Black "Mendez Tovar, Rosario Trin"]
[Result "1/2-1/2"]
[WhiteElo "1898"]
[BlackElo "1612"]
[PlyCount "97"]
[EventDate "2013.12.19"]
[EventType "swiss"]
[EventRounds "11"]
[EventCountry "UAE"]
[Source "lmi"]
[SourceDate "2013.12.19"]

1. e4 c5 2. Ne2 d6 3. Nbc3 Nc6 4. d4 cxd4 5. Nxd4 g6 6. Be3 Nf6 7. f3 Bg7 8.
Qd2 Bd7 9. O-O-O a6 10. h4 h5 11. Bc4 Ne5 12. Bb3 b5 13. Bg5 Nc4 14. Qe2 Rc8
15. Bxc4 Rxc4 16. Kb1 Qc8 17. Nd5 Nxd5 18. exd5 O-O 19. Qe3 Bxd4 20. Rxd4 Bf5
21. g4 Bxc2+ 22. Ka1 Qc5 23. Rxc4 Qxe3 24. Bxe3 bxc4 25. Rc1 Bd3 26. gxh5 gxh5
27. Rg1+ Kh7 28. Rg5 Bg6 29. Bd4 Rb8 30. f4 f6 31. Rg1 Be4 32. Re1 f5 33. Rg1
Rg8 34. Rxg8 Kxg8 35. b3 Bxd5 36. b4 Kf7 37. Kb2 Bc6 38. Kc3 Bb5 39. Bh8 Kg8
40. Bd4 Kf7 41. Bh8 Ke6 42. a4 Bxa4 43. Kxc4 Bc2 44. Bg7 Kd7 45. Kd4 Kc6 46.
Bf8 Kd7 47. Bg7 Be4 48. Bh6 Bf3 49. Bg7 1/2-1/2

[Event "Wch Juvenil 2013 sub-16 femenino"]
[Site "Al-Ain UAE"]
[Date "2013.12.20"]
[Round "3.39"]
[White "Methmani, Nelunika"]
[Black "Sunyasakta, Satpathy"]
[Result "1/2-1/2"]
[WhiteElo "1672"]
[BlackElo "1899"]
[PlyCount "84"]
[EventDate "2013.12.19"]
[EventType "swiss"]
[EventRounds "11"]
[EventCountry "UAE"]
[Source "lmi"]
[SourceDate "2013.12.19"]

1. d4 d5 2. c4 c6 3. Nf3 Nf6 4. e3 Nbd7 5. Nc3 e6 6. Qc2 Be7 7. Bd3 O-O 8. O-O
dxc4 9. Bxc4 b5 10. Bd3 Bb7 11. e4 h6 12. Bf4 a6 13. Rad1 Qb6 14. Rfe1 Rac8 15.
h3 Rfd8 16. Ne5 Nxe5 17. Bxe5 c5 18. d5 c4 19. Be2 exd5 20. exd5 Nxd5 21. Bg4
Nb4 22. Qe2 Rxd1 23. Rxd1 Re8 24. Bd7 Rd8 25. Bxg7 Qg6 26. g3 Rxd7 27. Rxd7 Qc6
28. Rxb7 Qxb7 29. Bxh6 Qd7 30. Qe5 f6 31. Qh5 Bf8 32. Qg6+ Bg7 33. Ne4 Qf7 34.
Qxg7+ Qxg7 35. Bxg7 Kxg7 36. Nc3 Nd3 37. Nd1 Nc1 38. a3 a5 39. Kf1 b4 40. axb4
axb4 41. Ne3 c3 42. bxc3 bxc3 1/2-1/2

[Event "Wch Juvenil 2013 sub-16 femenino"]
[Site "Al-Ain UAE"]
[Date "2013.12.20"]
[Round "3.41"]
[White "Ivanova, Simoneta"]
[Black "Gunaratne, Manisha Suchini"]
[Result "1-0"]
[WhiteElo "2049"]
[BlackElo "1691"]
[PlyCount "83"]
[EventDate "2013.12.19"]
[EventType "swiss"]
[EventRounds "11"]
[EventCountry "UAE"]
[Source "lmi"]
[SourceDate "2013.12.19"]

1. d4 Nf6 2. c4 g6 3. Nc3 Bg7 4. e4 d6 5. Nf3 O-O 6. h3 Na6 7. Bg5 c5 8. d5 Nc7
9. Bd3 a6 10. a4 b6 11. O-O Rb8 12. Re1 Bd7 13. e5 Nfe8 14. exd6 Nxd6 15. Bxe7
Qc8 16. Bxd6 Rd8 17. Be7 Re8 18. d6 Ne6 19. Nd5 Bc6 20. Ne5 b5 21. axb5 axb5
22. Nxc6 Qxc6 23. Be4 Qd7 24. Bf6 Kh8 25. Bxg7+ Kxg7 26. Qf3 f5 27. Bxf5 gxf5
28. Qxf5 Qf7 29. Qxf7+ Kxf7 30. Ra7+ Kf8 31. Nf6 Ng7 32. Nxe8 Nxe8 33. Rxh7 Kg8
34. d7 Nf6 35. Ree7 Nxh7 36. Re8+ Rxe8 37. dxe8=Q+ Nf8 38. cxb5 c4 39. b6 Kg7
40. b7 c3 41. bxc3 Ng6 42. b8=Q 1-0

[Event "Wch Juvenil 2013 sub-16 femenino"]
[Site "Al-Ain UAE"]
[Date "2013.12.20"]
[Round "3.42"]
[White "Fisher, Michelle M"]
[Black "Tursunova, Shakhnoza"]
[Result "0-1"]
[WhiteElo "1627"]
[BlackElo "1937"]
[PlyCount "130"]
[EventDate "2013.12.19"]
[EventType "swiss"]
[EventRounds "11"]
[EventCountry "UAE"]
[Source "lmi"]
[SourceDate "2013.12.19"]

1. e4 c5 2. Nf3 Nc6 3. d4 cxd4 4. Nxd4 Qb6 5. Nb3 Nf6 6. Nc3 e6 7. Bd3 a6 8.
Be3 Qc7 9. O-O Be7 10. f4 d6 11. Qf3 h5 12. h3 h4 13. Rad1 Bd7 14. Na4 Nb4 15.
Nb6 Rd8 16. Nxd7 Rxd7 17. c3 Nxd3 18. Rxd3 Qc6 19. e5 Qxf3 20. gxf3 dxe5 21.
Rxd7 Nxd7 22. fxe5 Nxe5 23. Rf2 Rh5 24. f4 Nc4 25. Bd4 g6 26. Nc1 e5 27. fxe5
Nxe5 28. Kh2 Nc6 29. Bf6 Bxf6 30. Rxf6 Rd5 31. Rf2 Na5 32. Nb3 Nc6 33. Nc1 Ke7
34. Nb3 b5 35. Rc2 g5 36. c4 bxc4 37. Rxc4 Na5 38. Re4+ Kd6 39. Ra4 Nxb3 40.
Rxa6+ Ke5 41. axb3 Rd2+ 42. Kg1 Rxb2 43. Ra5+ Kf4 44. Ra4+ Kf3 45. Ra5 f6 46.
Rf5+ Kg3 47. Rxf6 Rb1+ 48. Rf1 Rxb3 49. Rd1 Kxh3 50. Rd2 Rf3 51. Rh2+ Kg3 52.
Rg2+ Kf4 53. Kh2 g4 54. Rc2 Re3 55. Rf2+ Rf3 56. Rc2 h3 57. Rc4+ Kg5 58. Rc8
Rf2+ 59. Kg1 Rg2+ 60. Kh1 Kh4 61. Rh8+ Kg5 62. Rc8 Re2 63. Rg8+ Kh4 64. Rc8
Re1+ 65. Kh2 g3# 0-1

[Event "Wch Juvenil 2013 sub-16 femenino"]
[Site "Al-Ain UAE"]
[Date "2013.12.20"]
[Round "3.43"]
[White "Gamage, Yasasmi Umarusiru"]
[Black "Poteat, Lilia M"]
[Result "0-1"]
[WhiteElo "1435"]
[BlackElo "1866"]
[PlyCount "50"]
[EventDate "2013.12.19"]
[EventType "swiss"]
[EventRounds "11"]
[EventCountry "UAE"]
[Source "lmi"]
[SourceDate "2013.12.19"]

1. e4 e5 2. Nf3 Nc6 3. Bb5 a6 4. Ba4 Nf6 5. d3 b5 6. Bb3 Be7 7. c3 O-O 8. O-O
d5 9. Nbd2 Re8 10. Re1 Bf8 11. exd5 Nxd5 12. Ne4 h6 13. h3 Be6 14. Ng3 Qd6 15.
Ne4 Qd8 16. Bc2 f5 17. Ng3 Bd6 18. d4 e4 19. Nh2 Nce7 20. Bd2 Ng6 21. Qc1 Ngf4
22. Qd1 Qg5 23. Nhf1 h5 24. Kh2 h4 25. Ne2 Qxg2# 0-1

[Event "Wch Juvenil 2013 sub-16 femenino"]
[Site "Al-Ain UAE"]
[Date "2013.12.20"]
[Round "3.44"]
[White "Patel, Yesim"]
[Black "Breedt, Shade"]
[Result "1/2-1/2"]
[WhiteElo "1860"]
[BlackElo "1638"]
[PlyCount "93"]
[EventDate "2013.12.19"]
[EventType "swiss"]
[EventRounds "11"]
[EventCountry "UAE"]
[Source "lmi"]
[SourceDate "2013.12.19"]

1. e4 c5 2. Nf3 d6 3. d4 cxd4 4. Qxd4 Nc6 5. Bb5 Bd7 6. Bxc6 Bxc6 7. Nc3 Nf6 8.
Bg5 h6 9. Bh4 Qb6 10. Qd3 g5 11. Bg3 Nh5 12. O-O-O Nxg3 13. hxg3 Qxf2 14. Nxg5
Qf6 15. Nh3 Bg7 16. Rhf1 Qe6 17. Nf4 Qd7 18. Qf3 Rf8 19. Nh5 Be5 20. Qe3 O-O-O
21. Nd5 Kb8 22. Kb1 Rc8 23. Nhf4 e6 24. Nb4 Bb5 25. Rf2 Rc4 26. Ng6 Rxb4 27.
Nxe5 Qc7 28. Nd3 Rc4 29. Rfd2 Rc8 30. Ne1 Qc5 31. Qf4 Bc6 32. Rxd6 Ka8 33. Qxf7
Bxe4 34. Rd8 Bxc2+ 35. Nxc2 Rxc2 36. Rxc8+ Qxc8 37. Qf3 e5 38. Qe4 Rc5 39. a3
a6 40. Qh4 Qf5+ 41. Ka2 Qe6+ 42. Ka1 Qb3 43. Rb1 Rb5 44. Qxh6 Qxg3 45. Qf8+ Ka7
46. Qf3 Qxf3 47. gxf3 1/2-1/2

[Event "Wch Juvenil 2013 sub-16 femenino"]
[Site "Al-Ain UAE"]
[Date "2013.12.20"]
[Round "3.48"]
[White "Ghaemmaghami, Pegah"]
[Black "Bermudez Veliz, Josselyn"]
[Result "0-1"]
[WhiteElo "1723"]
[PlyCount "72"]
[EventDate "2013.12.19"]
[EventType "swiss"]
[EventRounds "11"]
[EventCountry "UAE"]
[Source "lmi"]
[SourceDate "2013.12.19"]
[BlackElo "1679"]

1. c4 Nf6 2. Nc3 g6 3. e4 d6 4. d4 Bg7 5. f3 O-O 6. Bg5 c6 7. Qd2 e5 8. O-O-O
Qc7 9. d5 Ne8 10. g4 a6 11. h4 f6 12. Be3 Qe7 13. Nge2 c5 14. Ng3 Nc7 15. h5
Bd7 16. hxg6 hxg6 17. Qh2 Kf7 18. Bd3 b5 19. Nf5 gxf5 20. Qh5+ Kg8 21. Qh7+ Kf7
22. Bh6 Rg8 23. gxf5 Qf8 24. Rdg1 Ne8 25. Rh4 b4 26. Nd1 Ke7 27. Rhg4 Rh8 28.
Rxg7+ Nxg7 29. Rxg7+ Kd8 30. Qg6 Be8 31. Rh7 Bxg6 32. fxg6 Qxh6+ 33. Rxh6 Rxh6
34. f4 Rxg6 35. f5 Rg5 36. Ne3 Ra7 0-1

[Event "Wch Juvenil 2013 sub-16 femenino"]
[Site "Al-Ain UAE"]
[Date "2013.12.20"]
[Round "3.49"]
[White "Terubea, Cydel"]
[Black "Du Toit, Sune"]
[Result "0-1"]
[WhiteElo "1262"]
[BlackElo "1728"]
[PlyCount "76"]
[EventDate "2013.12.19"]
[EventType "swiss"]
[EventRounds "11"]
[EventCountry "UAE"]
[Source "lmi"]
[SourceDate "2013.12.19"]

1. e4 e5 2. Nf3 Nc6 3. d4 exd4 4. Nxd4 Bc5 5. Nxc6 bxc6 6. Qh5 Be7 7. Bd3 Nf6
8. Qe2 O-O 9. Nc3 Re8 10. Bd2 d5 11. O-O Bg4 12. f3 Bh5 13. g4 Bg6 14. f4 Bc5+
15. Kh1 Bxe4+ 16. Nxe4 Nxe4 17. Qg2 Rb8 18. b3 Bb4 19. Be3 Nc5 20. Qh3 Nxd3 21.
cxd3 Ra8 22. a3 Bd6 23. g5 Qe7 24. Rfe1 Qd8 25. Rec1 c5 26. Bxc5 Bxf4 27. Rf1
Qxg5 28. Qf3 Bd6 29. Qxf7+ Kh8 30. Bxd6 cxd6 31. Rg1 Qf6 32. Qxd5 Rf8 33. Raf1
Qe7 34. Re1 Qd7 35. Re6 Rad8 36. Qd4 Qf7 37. Rxd6 Rxd6 38. Qxd6 Qb7+ 0-1

[Event "Wch Juvenil 2013 sub-16 femenino"]
[Site "Al-Ain UAE"]
[Date "2013.12.20"]
[Round "3.50"]
[White "Karania, Saloni"]
[Black "Wen, Jessica"]
[Result "1/2-1/2"]
[WhiteElo "1210"]
[BlackElo "1646"]
[PlyCount "76"]
[EventDate "2013.12.19"]
[EventType "swiss"]
[EventRounds "11"]
[EventCountry "UAE"]
[Source "lmi"]
[SourceDate "2013.12.19"]

1. b3 e5 2. Bb2 Nc6 3. e3 Nf6 4. Bb5 d6 5. Bxc6+ bxc6 6. Nc3 Be7 7. Nf3 O-O 8.
h3 Re8 9. Qe2 Nd5 10. Qd3 Nxc3 11. Qxc3 Bb7 12. d4 Bf6 13. O-O-O exd4 14. exd4
Qd7 15. Qd3 Re6 16. h4 h6 17. g4 g6 18. g5 Bg7 19. gxh6 Bxh6+ 20. Kb1 Kf8 21.
h5 Ke7 22. hxg6 Rxg6 23. Nh4 Rf6 24. Rde1+ Kd8 25. Qh7 Re6 26. Nf5 Bf8 27. Qg8
Qe8 28. Rxe6 Qxe6 29. Qxf8+ Kd7 30. Qg7 Qxf5 31. Rh6 Qxf2 32. Rf6 Qe1+ 33. Bc1
Re8 34. Rxf7+ Re7 35. Rxe7+ Qxe7 36. Qxe7+ Kxe7 37. Kb2 a6 38. Bd2 Kd7 1/2-1/2

[Event "Wch Juvenil 2013 sub-16 femenino"]
[Site "Al-Ain UAE"]
[Date "2013.12.21"]
[Round "4.1"]
[White "Wozniak, Mariola"]
[Black "Khademalsharieh, Sarasadat"]
[Result "0-1"]
[WhiteElo "2079"]
[BlackElo "2298"]
[PlyCount "58"]
[EventDate "2013.12.19"]
[EventType "swiss"]
[EventRounds "11"]
[EventCountry "UAE"]
[Source "lmi"]
[SourceDate "2013.12.19"]

1. e4 e5 2. Nf3 Nc6 3. Bb5 a6 4. Ba4 Nf6 5. O-O Be7 6. Qe2 b5 7. Bb3 d6 8. c3
O-O 9. Rd1 Na5 10. Bc2 c5 11. d4 Qc7 12. dxc5 dxc5 13. Nbd2 Be6 14. b3 c4 15.
b4 Nc6 16. a4 Bxb4 17. cxb4 Nxb4 18. Nb1 Nxc2 19. Qxc2 b4 20. Bb2 Nd7 21. Ng5
Rac8 22. Nc3 bxc3 23. Nxe6 fxe6 24. Qxc3 Qb6 25. Rd2 Rf7 26. Rad1 Qc6 27. Rd6
Qxa4 28. Ra1 Qb3 29. Qd2 c3 0-1

[Event "Wch Juvenil 2013 sub-16 femenino"]
[Site "Al-Ain UAE"]
[Date "2013.12.21"]
[Round "4.2"]
[White "Styazhkina, Anna"]
[Black "Velikic, Adela"]
[Result "1/2-1/2"]
[WhiteElo "2241"]
[BlackElo "2055"]
[PlyCount "96"]
[EventDate "2013.12.19"]
[EventType "swiss"]
[EventRounds "11"]
[EventCountry "UAE"]
[Source "lmi"]
[SourceDate "2013.12.19"]

1. e4 c5 2. Nf3 d6 3. d4 cxd4 4. Qxd4 Nc6 5. Bb5 Bd7 6. Qd3 Nf6 7. c4 g6 8. Nc3
Bg7 9. O-O O-O 10. Bxc6 Bxc6 11. Rd1 Nd7 12. Nd4 Rc8 13. Be3 Ne5 14. Qe2 Bd7
15. b3 Ng4 16. Bc1 Re8 17. h3 Ne5 18. Bb2 Qa5 19. Rac1 Nc6 20. Nd5 Qxa2 21. Rd2
Nxd4 22. Bxd4 Qxb3 23. Rd3 Qa4 24. Bxg7 Kxg7 25. Qb2+ Kg8 26. Ra3 Qc6 27. Rxa7
Be6 28. Rxb7 Bxd5 29. exd5 Qa6 30. Rb5 Ra8 31. Qd4 Qa7 32. Qb2 Qa3 33. Qd2 Qa2
34. Qe3 Ra3 35. Qd4 Ra4 36. Rb2 Qa3 37. Rcb1 Raa8 38. Rb7 Rac8 39. Re1 Qc5 40.
Qxc5 Rxc5 41. Re4 Kf8 42. Kf1 Rcc8 43. g3 Ra8 44. Rc7 Ra2 45. Kg2 Ra3 46. Re2
Rc3 47. Rb2 Kg7 48. Kf1 Kf6 1/2-1/2

[Event "Wch Juvenil 2013 sub-16 femenino"]
[Site "Al-Ain UAE"]
[Date "2013.12.21"]
[Round "4.3"]
[White "Harazinska, Ewa"]
[Black "Nicolas Zapata, Irene"]
[Result "0-1"]
[WhiteElo "2050"]
[BlackElo "2237"]
[PlyCount "90"]
[EventDate "2013.12.19"]
[EventType "swiss"]
[EventRounds "11"]
[EventCountry "UAE"]
[Source "lmi"]
[SourceDate "2013.12.19"]

1. d4 Nf6 2. c4 e6 3. Nc3 Bb4 4. Qc2 O-O 5. a3 Bxc3+ 6. Qxc3 d5 7. Nf3 dxc4 8.
Qxc4 b6 9. Bg5 Ba6 10. Qa4 h6 11. Bh4 c5 12. Rd1 Qe7 13. dxc5 bxc5 14. Bxf6
Qxf6 15. Qe4 Rc8 16. Ne5 Nc6 17. Nxc6 Bb7 18. Qe5 Rxc6 19. Qxf6 gxf6 20. e3 Rb6
21. Rd2 Bd5 22. Bd3 Rab8 23. e4 Bc6 24. Ke2 c4 25. Bxc4 Rxb2 26. Rhd1 Bxe4 27.
Ke3 Rxd2 28. Rxd2 Bxg2 29. f3 Bh3 30. Rd7 Rc8 31. Ba2 Rc3+ 32. Rd3 Rc2 33. Bb3
Rxh2 34. Rd8+ Kg7 35. Ra8 Rb2 36. Bd1 Rb7 37. a4 f5 38. Be2 e5 39. a5 Kf6 40.
a6 f4+ 41. Kf2 Rc7 42. Rh8 Kg7 43. Re8 Be6 44. Rb8 Bc8 45. Ra8 h5 0-1

[Event "Wch Juvenil 2013 sub-16 femenino"]
[Site "Al-Ain UAE"]
[Date "2013.12.21"]
[Round "4.4"]
[White "Gu, Tianlu"]
[Black "Hong, Xing"]
[Result "1-0"]
[WhiteElo "2128"]
[BlackElo "1980"]
[PlyCount "55"]
[EventDate "2013.12.19"]
[EventType "swiss"]
[EventRounds "11"]
[EventCountry "UAE"]
[Source "lmi"]
[SourceDate "2013.12.19"]

1. c4 c5 2. Nf3 Nc6 3. g3 g6 4. Bg2 Bg7 5. O-O e6 6. e4 Nge7 7. Nc3 O-O 8. Re1
b6 9. e5 d6 10. d4 dxe5 11. d5 Na5 12. Nxe5 Rb8 13. Bf4 exd5 14. cxd5 Ba6 15.
Ng4 Rb7 16. d6 Nec6 17. Nd5 Rd7 18. h4 Nd4 19. Bg5 f6 20. Ngxf6+ Kh8 21. Nxh7
Qb8 22. Nxf8 Qxf8 23. Be7 Qf7 24. Nf4 Kh7 25. Bd5 Qe8 26. Be4 Nf5 27. Bxf5 gxf5
28. Qd5 1-0